| 000 | 00868pam a2200277 a 4500 | ||
|---|---|---|---|
| 999 |
_c234808 _d234808 |
||
| 001 | 3279631 | ||
| 003 | Nust | ||
| 005 | 20170330191920.0 | ||
| 008 | 820709t19831981nyu 000 1 eng | ||
| 010 | _a 82045566 | ||
| 020 |
_a9780330267113 _c17.95 |
||
| 040 |
_aDLC _cDLC _dDLC |
||
| 050 | 0 | 0 |
_aPR9405.9.S5 _bM4 1983 |
| 082 | 0 | 0 |
_a823 _bSMI |
| 100 | 1 | _aSmith, Wilbur A. | |
| 245 | 1 | 0 |
_aMen of men / _cWilbur Smith. |
| 250 | _a1st ed. | ||
| 260 |
_aGarden City, N.Y. : _bDoubleday, _c1983 |
||
| 300 |
_a710 p. ; _c24 cm. |
||
| 650 | 0 |
_aFrontier and pioneer life _vFiction. |
|
| 650 | 0 |
_aDiamond mines and mining _vFiction. |
|
| 651 | 0 |
_aZimbabwe _vFiction. |
|
| 655 | 7 |
_aHistorical fiction. _2gsafd |
|
| 655 | 7 |
_aDomestic fiction. _2lcsh |
|
| 906 |
_a7 _bcbc _corignew _d1 _eocip _f19 _gy-gencatlg |
||
| 942 |
_2ddc _cBK |
||